00917nam a2200217 a 450000100100000000500170001000800410002702000180006804000250008610000420011124500650015326000510021830000210026958600520029050000380034250000560038050400300043695201050046695201110057199900170068200004607020201002052622.0150617s2011 dr 000 0 spa d a9789945469622 aDO-SdBNPbspacBNPHU1 aDarío Féliz, Welneld1974-94500910aHistoria de Barahona :b1801-1900 /cWelnel Darío Féliz. aSanto Domingo :bMinisterio de Cultura,c2011. a390 p. ;c23 cm. aPrimer premio (Sur) concurso de provincias 2010 aIncluye notas a pie de páginas. aIncluye datos biográficos del autor en la solapa. aBibliografía p: 383-390 0010718PDaPDbPDcHDd2015-06-17iLF1l0o p46070-10r2020-06-25w2020-06-25yLFPDZNo se presta 0010718PDaPDbPDcHDd2015-06-17iLF1l0o p46070-20r2020-06-25te. 2w2020-06-25yLFPDZNo se presta c45559d45559